A community in search of its identity : (Record no. 10046)
[ view plain ]
| 000 -LEADER | |
|---|---|
| fixed length control field | 01189nam a22002297a 4500 |
| 003 - CONTROL NUMBER IDENTIFIER | |
| control field | GBCCL |
| 005 - DATE AND TIME OF LATEST TRANSACTION | |
| control field | 20241126110724.0 |
| 008 - FIXED-LENGTH DATA ELEMENTS--GENERAL INFORMATION | |
| fixed length control field | 240213b ||||| |||| 00| 0 eng d |
| 020 ## - INTERNATIONAL STANDARD BOOK NUMBER | |
| International Standard Book Number | 9788172149826, |
| 020 ## - INTERNATIONAL STANDARD BOOK NUMBER | |
| International Standard Book Number | 8172149824 |
| 040 ## - CATALOGING SOURCE | |
| Transcribing agency | gbc |
| 082 ## - DEWEY DECIMAL CLASSIFICATION NUMBER | |
| Classification number | 226.206 |
| Item number | SAV |
| 100 ## - MAIN ENTRY--PERSONAL NAME | |
| Personal name | Savarimuthu,Stanislas |
| 9 (RLIN) | 17442 |
| 245 ## - TITLE STATEMENT | |
| Title | A community in search of its identity : |
| Remainder of title | Mt. 21:28-22:14 in a subaltern perspective / |
| Statement of responsibility, etc. | Stanislas Savarimuthu |
| 260 ## - PUBLICATION, DISTRIBUTION, ETC. | |
| Place of publication, distribution, etc. | Delhi, |
| Name of publisher, distributor, etc. | Indian Society for Promoting Christian Knowledge (ISPCK), |
| Date of publication, distribution, etc. | 2007 |
| 300 ## - PHYSICAL DESCRIPTION | |
| Extent | xxv, 310 pages ; |
| Dimensions | 24 cm |
| 505 ## - FORMATTED CONTENTS NOTE | |
| Formatted contents note | Chapter One: The statement of the problem and the related methodological questions<br/>Chapter two: the literary context of the parables in 21:28<br/>22:14<br/>Chapter Three: Polemic as the subversive language of the community<br/>Chapter Four: Who belong to the kingdom?<br/>Chapter Five: The community and trhe cornerstone<br/>Chapter Six: the contrasting identity of the community<br/>General Conclusion<br/>Bibliography |
| 650 ## - SUBJECT ADDED ENTRY--TOPICAL TERM | |
| Topical term or geographic name entry element | Bible. |
| Form subdivision | Matthew |
| 9 (RLIN) | 9971 |
| 650 ## - SUBJECT ADDED ENTRY--TOPICAL TERM | |
| Topical term or geographic name entry element | Bible. |
| Form subdivision | Matthew |
| General subdivision | Parables |
| 9 (RLIN) | 17443 |
| 650 ## - SUBJECT ADDED ENTRY--TOPICAL TERM | |
| Topical term or geographic name entry element | Bible. |
| Form subdivision | New Testament. |
| General subdivision | Mathew XXI-XXII |
| -- | Criticism, interpretation, etc |
| 9 (RLIN) | 17444 |
| 942 ## - ADDED ENTRY ELEMENTS (KOHA) | |
| Source of classification or shelving scheme | Dewey Decimal Classification |
| Koha item type | Books |
| Withdrawn status | Lost status | Source of classification or shelving scheme | Damaged status | Not for loan | Home library | Current Library | Shelving location | Date acquired | Total checkouts | Full call number | Barcode | Date last seen | Copy number | Price effective from | Koha item type |
|---|---|---|---|---|---|---|---|---|---|---|---|---|---|---|---|
| Dewey Decimal Classification | GRACE BIBLE COLLEGE | GRACE BIBLE COLLEGE | Biblical Studies | 2024-02-13 | 226.206 SAV | 016497 | 2025-05-01 | c.1 | 2024-02-13 | Books | |||||
| Dewey Decimal Classification | GRACE BIBLE COLLEGE | GRACE BIBLE COLLEGE | Biblical Studies | 2024-02-13 | 226.206 SAV | 016498 | 2025-05-01 | c.2 | 2024-02-13 | Books |